Návrh opatrení na zlepšenie využitia vybraných marketingových aktivít v priemyselnom podniku ZinkPower Malacky, s.r.o.

Salvato in:
Dettagli Bibliografici
Autore principale: Vrbovská, Mária (Autore)
Altri autori: Prajová, Vanessa (Relatore della tesi)
Natura: Manoscritto Libro
Lingua:slovacco
Pubblicazione: 2017
Soggetti:
Accesso online:http://is.stuba.sk/zp/portal_zp.pl?podrobnosti=115068
Tags: Aggiungi Tag
Nessun Tag, puoi essere il primo ad aggiungerne!!

MARC

LEADER 00000ntm a22000003a 4500
001 stuzp61999
003 SK-STU
005 20170624211328.7
007 ta
008 150427s2015----xo-----f-mn---000-0-slo-d
040 |a STU  |b slo 
041 0 |a slo 
100 1 |a Vrbovská, Mária  |u 064000  |4 aut  |U MTF Materiálovotechnologická fakulta  |T MTF Ústav priemyselného inžinierstva a manažmentu  |X 73412  |U M4000  |Y 84  |7 73412 
242 0 1 |a Proposal for measures to improve the use of marketing mix in industrial company ZinkPower Malacky, s.r.o.  |y eng 
245 1 0 |a Návrh opatrení na zlepšenie využitia vybraných marketingových aktivít v priemyselnom podniku ZinkPower Malacky, s.r.o. 
260 |c 2017 
650 4 |a distribúcia  |2 slo 
650 4 |a propagácia  |2 slo 
650 4 |a marketingový mix  |2 slo 
650 4 |a produkt  |2 slo 
650 4 |a marketing  |2 slo 
650 4 |a cena  |2 slo 
650 4 |a propagation  |2 eng 
650 4 |a product  |2 eng 
650 4 |a price  |2 eng 
650 4 |a marketing  |2 eng 
650 4 |a marketing mix  |2 eng 
650 4 |a place  |2 eng 
700 1 |a Prajová, Vanessa  |u 064000  |k Z2  |4 ths  |U MTF Materiálovotechnologická fakulta  |T MTF Ústav priemyselného inžinierstva a manažmentu  |X 47651  |U M4000  |Y 84  |7 A000047651 
856 4 |u http://is.stuba.sk/zp/portal_zp.pl?podrobnosti=115068 
996 |c M* BP-7996  |l MMSKP  |s P  |a 0  |w stuzp61999_0001